[Event "Invitation"]
[Site "http://www.queenalice.com/game.php?id=994354"]
[Date "2011.10.7"]
[Round "-"]
[White "pakov_one"]
[Black "REUSKING"]
[Result "1-0"]
[WhiteElo "1500"]
[BlackElo "1858"]

1. c4 Nf6 2. Nc3 g6 3. d4 d5 4. Nf3 Bg7 5. cxd5 Nxd5 6. e4 Nxc3 7. bxc3 O-O 8.
Bc4 Bg4 9. O-O c5 10. Rb1 Nc6 11. d5 Ne5 12. Be2 Nxf3+ 13. Bxf3 Bxf3 14. Qxf3 b6
15. c4 f5 16. Bg5 Qd7 17. Rfe1 Rae8 18. e5 Qb7 19. Qf4 Kh8 20. Re2 Kg8 21. Rb3
Qb8 22. Rh3 e6 23. d6 Rf7 24. Rg3 Rd7 25. h4 Kf7 26. h5 a6 27. Qf3 Qb7 28. Qe3
Qc6 29. Qf4 b5 30. Bh6 bxc4 31. hxg6+ hxg6 32. Bxg7 Kxg7 33. Qg5 1-0

[Event "REUS-VALLADOLID"]
[Site "http://www.queenalice.com/game.php?id=994786"]
[Date "2011.10.8"]
[Round "-"]
[White "REUSKING"]
[Black "pakov_one"]
[Result "1/2-1/2"]
[WhiteElo "1858"]
[BlackElo "1879"]

1. e4 c5 2. Nf3 Nc6 3. d4 cxd4 4. Nxd4 Nf6 5. Nc3 e5 6. Ndb5 d6 7. a4 a6 8. Na3
Bg4 9. Be2 Bxe2 10. Qxe2 d5 11. exd5 Nxd5 12. Nxd5 Qxd5 13. O-O Bc5 14. Be3 O-O
15. Rad1 Qe4 16. Qc4 Qxc4 17. Nxc4 Bxe3 18. Nxe3 Rad8 19. c3 f5 20. Nc4 e4 21.
b4 Rd3 22. Rxd3 exd3 23. Rd1 Rd8 24. Rd2 f4 25. f3 b5 26. axb5 axb5 27. Na3 Rd5
28. Kf2 Ne5 29. Nb1 Nc4 30. Rd1 Ne3 1/2-1/2

[Event "Challenge"]
[Site "http://www.queenalice.com/game.php?id=994991"]
[Date "2011.10.8"]
[Round "-"]
[White "pakov_one"]
[Black "REUSKING"]
[Result "1-0"]
[WhiteElo "1872"]
[BlackElo "1859"]

1. e4 e5 2. Nf3 Nc6 3. d4 exd4 4. Nxd4 Bc5 5. Be3 Qf6 6. c3 Nge7 7. Bc4 O-O 8.
O-O d6 9. Nxc6 Nxc6 10. Bxc5 dxc5 11. f4 Be6 12. Bb5 Rad8 13. Qf3 Bd7 14. Na3 a6
15. Be2 Rfe8 16. Nc2 Bc8 17. Ne3 Ne7 18. e5 Qc6 19. Qxc6 Nxc6 20. Bf3 Ne7 21.
Rfd1 c6 22. Nc4 Nf5 23. Bg4 Nh6 24. Bxc8 Rxd1+ 25. Rxd1 Rxc8 26. Rd7 b5 27. Nd6
Rf8 28. Rc7 Ng4 29. Rxc6 Ne3 30. Rxc5 Nd1 31. b4 1-0

[Event "Challenge"]
[Site "http://www.queenalice.com/game.php?id=995881"]
[Date "2011.10.11"]
[Round "-"]
[White "REUSKING"]
[Black "pakov_one"]
[Result "0-1"]
[WhiteElo "1905"]
[BlackElo "2031"]

1. e4 c5 2. Nf3 d6 3. d4 cxd4 4. Nxd4 Nf6 5. Nc3 a6 6. a4 e5 7. Nf3 Be7 8. Be2
O-O 9. O-O Nc6 10. h3 Be6 11. Be3 d5 12. exd5 Nxd5 13. Nxd5 Bxd5 14. c4 Be6 15.
b3 Qc8 16. Qc2 Bxh3 17. gxh3 Qxh3 18. Nh2 f5 19. Bf3 Rf6 20. Bg2 Rg6 21. f3 Rf8
22. Kh1 Qh5 23. f4 e4 24. Bxe4 fxe4 25. Qxe4 Bd6 26. Qd5+ Qxd5+ 27. cxd5 Ne7 28.
Rad1 Nf5 29. Bf2 Bxf4 30. Rg1 Rxg1+ 31. Rxg1 Rf6 32. Ng4 Rg6 33. Nh2 Rxg1+ 34.
Kxg1 h5 35. Nf3 Be3 36. Ne5 Bxf2+ 37. Kxf2 g5 38. Nc4 Ne7 39. d6 Nc6 40. d7 Kf8
41. Nd6 Nd8 42. Ne4 Ke7 43. Nxg5 Kxd7 44. Kg3 Ne6 45. Ne4 a5 46. Kh4 Ng7 47.
Nc5+ Kc6 48. Nd3 Kd5 49. Nb2 Kc5 50. Nd3+ Kd4 51. Nc1 Kc3 52. Kg5 Kc2 53. Ne2
Kxb3 0-1

[Event "Challenge"]
[Site "http://www.queenalice.com/game.php?id=995883"]
[Date "2011.10.11"]
[Round "-"]
[White "pakov_one"]
[Black "REUSKING"]
[Result "1-0"]
[WhiteElo "1969"]
[BlackElo "1882"]

1. c4 e6 2. Nc3 d5 3. d4 Nf6 4. Bg5 Be7 5. e3 O-O 6. Nf3 Nbd7 7. Rc1 c6 8. Bd3
dxc4 9. Bxc4 Nd5 10. Bxe7 Qxe7 11. O-O Nxc3 12. Rxc3 e5 13. Qc2 e4 14. Nd2 Nf6
15. Rc1 Bf5 16. a3 Rac8 17. b4 a6 18. Ba2 Rfd8 19. Rc5 Bg6 20. d5 h6 21. dxc6
Rxc6 22. Rxc6 bxc6 23. Nb3 Rd6 24. Na5 Qd7 25. Bb3 Rd2 26. Qxc6 Qf5 27. Qc8+
Qxc8 28. Rxc8+ Kh7 29. h3 Rb2 30. Rc6 Rb1+ 31. Kh2 Rf1 32. Rxa6 Rxf2 33. b5 Re2
34. b6 Rxe3 35. b7 Nd7 36. Rd6 1-0

[Event "Challenge"]
[Site "http://www.queenalice.com/game.php?id=999312"]
[Date "2011.10.19"]
[Round "-"]
[White "pakov_one"]
[Black "eddval"]
[Result "1-0"]
[WhiteElo "2133"]
[BlackElo "2172"]

1. c4 Nf6 2. Nc3 e6 3. d4 b6 4. e4 d6 5. Bd3 Bb7 6. d5 e5 7. Nge2 Be7 8. O-O
Nbd7 9. Ng3 Nc5 10. Bc2 a5 11. f4 Ncd7 12. Ba4 O-O 13. Nf5 Nc5 14. Nxe7+ Qxe7
15. Bc2 Ncd7 16. Nb5 Rfc8 17. fxe5 Qxe5 18. Bf4 Qe8 19. Qd3 Ne5 20. Bxe5 Qxe5
21. Rf5 Qe7 22. Raf1 Nd7 23. Rxf7 Qxf7 24. Rxf7 Kxf7 25. Qh3 Ne5 26. b3 Kg8 27.
Bd1 Ba6 28. Qe6+ Kh8 29. Nxc7 Rxc7 30. Qxd6 Rxc4 31. bxc4 Nxc4 32. Qc6 Rf8 33.
Be2 Rc8 34. Qe6 h6 35. d6 1-0

[Event "Challenge"]
[Site "http://www.queenalice.com/game.php?id=999396"]
[Date "2011.10.20"]
[Round "-"]
[White "pakov_one"]
[Black "eddval"]
[Result "1-0"]
[WhiteElo "2243"]
[BlackElo "2149"]

1. d4 Nf6 2. c4 e6 3. Nc3 Bb4 4. Qc2 b6 5. e4 Bxc3+ 6. bxc3 d6 7. Bd3 e5 8. Bg5
Nbd7 9. Ne2 h6 10. Bh4 g5 11. Bg3 Qe7 12. Qa4 Bb7 13. f3 Nh5 14. Bf2 a5 15. Rb1
Kf8 16. h4 Nf4 17. Nxf4 gxf4 18. h5 Rg8 19. Bh4 f6 20. Rg1 Rd8 21. Kf2 Qf7 22.
c5 Qxh5 23. Rh1 dxc5 24. Bc4 Qg6 25. Bxg8 Qxg8 26. d5 Ke7 27. c4 Nf8 28. Kf1 Ng6
29. Bf2 Kd6 30. Ke2 Qg7 31. Bxc5+ bxc5 32. Rxb7 Ne7 33. Kf1 Rg8 34. Rg1 Ra8 35.
Rb5 f5 36. Qa3 fxe4 37. Qxc5+ Kd7 38. fxe4 Qg4 39. Ke1 Qg6 40. Kd2 Qxe4 41. Re1
Qxg2+ 42. Re2 Qg5 43. Rb7 f3+ 44. Re3 Rc8 45. Qb5+ Kd6 46. Qa6+ c6 47. Rxe7 Qg2+
48. Kc3 Qxa2 49. Re6+ Kd7 50. Qb7+ Rc7 51. Re7+ 1-0

[Event "Challenge"]
[Site "http://www.queenalice.com/game.php?id=1000555"]
[Date "2011.10.23"]
[Round "-"]
[White "ZUMBI"]
[Black "pakov_one"]
[Result "0-1"]
[WhiteElo "2072"]
[BlackElo "2188"]

1. e4 c6 2. d4 d5 3. Nc3 dxe4 4. Nxe4 Nd7 5. Bf4 Ngf6 6. Bd3 e6 7. Bg5 Qb6 8. b3
Bb4+ 9. c3 Nxe4 10. Bd2 Nxc3 11. Qg4 g6 12. a3 Qa5 13. Nf3 Nd5 14. Bxb4 Nxb4 15.
Be2 Nd5+ 16. Nd2 N7f6 17. Qh4 O-O 18. O-O Qxd2 19. Bg4 Qxd4 20. Rad1 Qxg4 21.
Qh6 Nf4 22. g3 Nh3+ 23. Kg2 Nxf2 24. Kxf2 Qxd1 25. Rxd1 Ng4+ 26. Kg2 Nxh6 27. h4
e5 28. a4 Bg4 29. Rd7 Bxd7 30. a5 e4 31. Kf2 Bg4 32. Ke3 f5 33. Kf4 Rad8 34. Kg5
Kg7 35. b4 f4 36. gxf4 Rf5# 0-1

[Event "Challenge"]
[Site "http://www.queenalice.com/game.php?id=1000556"]
[Date "2011.10.23"]
[Round "-"]
[White "pakov_one"]
[Black "ZUMBI"]
[Result "1-0"]
[WhiteElo "2077"]
[BlackElo "2072"]

1. c4 e5 2. Nc3 Nc6 3. g3 Nf6 4. Bg2 Bb4 5. Nd5 e4 6. a3 Be7 7. Nxf6+ Bxf6 8.
Bxe4 d6 9. e3 O-O 10. d4 Na5 11. Qh5 g6 12. Qxa5 b6 13. Qc3 Rb8 14. Bg2 c5 15.
Ne2 cxd4 16. Nxd4 Bb7 17. O-O a5 18. Qb3 Bxg2 19. Kxg2 Bg7 20. Nc6 Qc7 21. Nxb8
Qxb8 22. Bd2 Qa8+ 23. Kg1 a4 24. Qxb6 Rc8 25. Bb4 Bxb2 26. Rad1 Rxc4 27. Rxd6
Rc1 28. Rd8+ Qxd8 29. Qxd8+ Kg7 30. Rxc1 Bxc1 31. Bf8+ Kg8 32. Bh6# 1-0

[Event "Challenge"]
[Site "http://www.queenalice.com/game.php?id=1002984"]
[Date "2011.10.30"]
[Round "-"]
[White "JCOELHO"]
[Black "pakov_one"]
[Result "0-1"]
[WhiteElo "2049"]
[BlackElo "2220"]

1. e4 e5 2. Nf3 Nf6 3. Nxe5 d6 4. Nf3 Nxe4 5. Bc4 d5 6. Bb3 Be7 7. O-O O-O 8. d4
c6 9. Bf4 Bg4 10. Nc3 Nd7 11. Re1 Bb4 12. h3 Bh5 13. g4 Bg6 14. h4 Nxc3 15. Qc1
Nxa2 16. Bxa2 Bxe1 17. Nxe1 Qxh4 18. g5 Rfe8 19. Nf3 Qg4+ 20. Kf1 Qxf3 21. Bh2
Qh1+ 22. Bg1 Qh3# 0-1

[Event "Challenge"]
[Site "http://www.queenalice.com/game.php?id=1002985"]
[Date "2011.10.30"]
[Round "-"]
[White "pakov_one"]
[Black "JCOELHO"]
[Result "1-0"]
[WhiteElo "2271"]
[BlackElo "2049"]

1. d4 d5 2. c4 Nf6 3. Nc3 Nc6 4. Nf3 Bg4 5. cxd5 Nxd5 6. e4 Nb6 7. d5 Nb4 8. Be2
e6 9. a3 Na6 10. O-O Nc5 11. h3 Bh5 12. Bf4 Bd6 13. Bxd6 Qxd6 14. e5 Qd7 15. d6
cxd6 16. Bb5 Bxf3 17. Bxd7+ Nbxd7 18. Qxf3 Nxe5 19. Qg3 O-O 20. f4 Ned3 21. b4
Nb3 22. Qxd3 d5 23. Rab1 d4 24. Ne2 a5 25. Rxb3 a4 26. Rbb1 h5 27. Nxd4 Rad8 28.
Qe4 h4 29. Nxe6 fxe6 30. Qxe6+ Kh8 31. Rbd1 Rde8 32. Qg6 b5 33. Rd7 Rg8 34. Qh5#
1-0

[Event "Challenge"]
[Site "http://www.queenalice.com/game.php?id=1167993"]
[Date "2013.4.3"]
[Round "-"]
[White "tucot"]
[Black "pakov_one"]
[Result "0-1"]
[WhiteElo "2353"]
[BlackElo "2379"]

1. e4 e5 2. Nc3 Nf6 3. g3 c6 4. d4 exd4 5. Qxd4 d5 6. Bg5 Be7 7. exd5 cxd5 8.
O-O-O Nc6 9. Qa4 Be6 10. Bh3 h6 11. Bxe6 fxe6 12. Bxf6 Bxf6 13. Qg4 Kf7 14. Nge2
Re8 15. Nf4 Kg8 16. Ne4 Be5 17. Nc5 Qb6 18. Ncd3 Bxf4+ 19. gxf4 Re7 20. Rde1 Nd4
21. Rhg1 Nf5 22. Qxf5 exf5 23. Rxe7 g6 24. Ne5 g5 25. Re1 Qxf2 0-1

[Event "Challenge"]
[Site "http://www.queenalice.com/game.php?id=1167994"]
[Date "2013.4.3"]
[Round "-"]
[White "tucot"]
[Black "pakov_one"]
[Result "0-1"]
[WhiteElo "2353"]
[BlackElo "2285"]

1. e4 e5 2. Nf3 Nf6 3. d3 Nc6 4. Nbd2 Be7 5. Be2 O-O 6. O-O d5 7. c3 a5 8. Qc2
Re8 9. b3 Bf8 10. a3 b5 11. d4 Rb8 12. Bd3 exd4 13. cxd4 dxe4 14. Nxe4 Nxe4 15.
Bxe4 Rxe4 16. Qxe4 Bb7 17. Bb2 Ne7 18. Qg4 Qd5 19. Rab1 Qxb3 20. d5 Qxd5 21.
Rfd1 Qf5 22. Qxf5 Nxf5 23. Rd7 Bd6 24. Be5 Bc6 0-1

[Event "Challenge"]
[Site "http://www.queenalice.com/game.php?id=1167995"]
[Date "2013.4.3"]
[Round "-"]
[White "pakov_one"]
[Black "tucot"]
[Result "1-0"]
[WhiteElo "2352"]
[BlackElo "2353"]

1. c4 Nf6 2. Nc3 g6 3. d4 Bg7 4. e4 d6 5. Be2 O-O 6. Nf3 Bg4 7. Be3 Nfd7 8. Qd2
c5 9. d5 Na6 10. O-O Qa5 11. a3 Rfc8 12. Rfc1 Rab8 13. h3 Bxf3 14. Bxf3 Nc7 15.
Bh6 b5 16. Bxg7 Kxg7 17. b4 cxb4 18. axb4 Qxb4 19. Bg4 e6 20. dxe6 Nxe6 21. Bxe6
fxe6 22. Rxa7 Rd8 23. cxb5 Kg8 24. Qg5 Qc5 25. Qxc5 Nxc5 26. Rc7 Rbc8 27. b6 1-0

[Event "Challenge"]
[Site "http://www.queenalice.com/game.php?id=1167996"]
[Date "2013.4.3"]
[Round "-"]
[White "pakov_one"]
[Black "tucot"]
[Result "1-0"]
[WhiteElo "2321"]
[BlackElo "2353"]

1. c4 e5 2. Nc3 Nf6 3. Nf3 Nc6 4. e3 Be7 5. d4 d6 6. d5 Nb8 7. e4 O-O 8. h3 c6
9. Be2 Nbd7 10. O-O Nc5 11. Qc2 a5 12. Rd1 cxd5 13. exd5 h6 14. Be3 Nfd7 15. Nb5
f5 16. Bc1 b6 17. b3 e4 18. Nfd4 Ne5 19. Nc6 Nxc6 20. dxc6 Ba6 21. Bf4 Rf6 22.
Rd5 Bxb5 23. cxb5 Qf8 24. Rad1 g5 25. Be3 Ne6 26. Bxb6 Nf4 27. Bc4 1-0

[Event "Challenge"]
[Site "http://www.queenalice.com/game.php?id=1170022"]
[Date "2013.4.10"]
[Round "-"]
[White "tucot"]
[Black "pakov_one"]
[Result "0-1"]
[WhiteElo "2325"]
[BlackElo "2422"]

1. e4 c6 2. d3 d5 3. Nd2 e5 4. Ngf3 Bd6 5. g3 Nf6 6. Bg2 O-O 7. O-O Re8 8. b3 a5
9. a4 Nbd7 10. Qe2 Nf8 11. Bb2 Ng6 12. Rfe1 h5 13. h4 Bg4 14. Qf1 Qc7 15. Ng5
Bc5 16. Kh1 Rad8 17. f3 Bc8 18. Rad1 b5 19. Bh3 Bb7 20. Bf5 Nf8 21. f4 Ng4 22.
Bxg4 hxg4 23. fxe5 d4 24. Qf4 Rxe5 25. Nxf7 Ng6 26. Qxg4 Qxf7 27. Nf3 Bc8 28.
Nxe5 Nxe5 29. Qf4 Qh5 30. Rf1 Rf8 31. Qd2 Bh3 32. Rxf8+ Bxf8 33. Rg1 Qf3+ 0-1

[Event "Challenge"]
[Site "http://www.queenalice.com/game.php?id=1170023"]
[Date "2013.4.10"]
[Round "-"]
[White "pakov_one"]
[Black "tucot"]
[Result "1-0"]
[WhiteElo "2402"]
[BlackElo "2341"]

1. e4 c5 2. Nf3 e6 3. d4 cxd4 4. Nxd4 Nf6 5. Nc3 Bb4 6. e5 Nd5 7. Bd2 Nxc3 8.
bxc3 Be7 9. Qg4 g6 10. Bd3 d6 11. Bh6 dxe5 12. Bg7 Bf6 13. Bxh8 Bxh8 14. Ne2 f5
15. Bb5+ Kf7 16. Qh3 h5 17. Rd1 Qa5 18. Qd3 Bf6 19. O-O a6 20. Qc4 1-0

[Event "Challenge"]
[Site "http://www.queenalice.com/game.php?id=1179928"]
[Date "2013.5.9"]
[Round "-"]
[White "tucot"]
[Black "pakov_one"]
[Result "0-1"]
[WhiteElo "2333"]
[BlackElo "2432"]

1. d4 d5 2. c4 e6 3. Nf3 c6 4. cxd5 exd5 5. Nc3 Bd6 6. e4 dxe4 7. Nxe4 Qe7 8.
Qe2 Bb4+ 9. Bd2 Be6 10. Neg5 Bxd2+ 11. Kxd2 Bd5 12. Re1 Qxe2+ 13. Bxe2 Kf8 14.
Bd3 g6 15. b3 Nd7 16. Ne4 Ngf6 17. Nd6 Bxf3 18. gxf3 Rb8 19. Re2 Ne8 20. Ne4 Kg7
21. Nc5 Nxc5 22. dxc5 Nf6 23. Bc4 b5 24. cxb6 axb6 25. Re7 Rhd8+ 26. Kc2 Nd5 27.
Ra7 b5 28. Bxd5 Rxd5 29. Rd1 Rc5+ 30. Kb2 Re8 31. Rd2 Rh5 32. a4 bxa4 33. bxa4
Ree5 34. Kb3 Ref5 0-1

[Event "Challenge"]
[Site "http://www.queenalice.com/game.php?id=1179929"]
[Date "2013.5.9"]
[Round "-"]
[White "pakov_one"]
[Black "tucot"]
[Result "1/2-1/2"]
[WhiteElo "2439"]
[BlackElo "2310"]

1. e4 c5 2. Nf3 d6 3. d4 cxd4 4. Nxd4 Nf6 5. Nc3 a6 6. Bc4 e6 7. a3 Be7 8. O-O
O-O 9. Ba2 b5 10. f4 Nbd7 11. f5 e5 12. Nde2 Bb7 13. Ng3 a5 14. Kh1 b4 15. Nd5
Nxd5 16. Bxd5 Bxd5 17. Qxd5 Nf6 18. Qd3 d5 19. axb4 axb4 20. Bg5 Rxa1 21. Rxa1
Ng4 22. Bxe7 Qxe7 23. Qxd5 Nxh2 24. f6 Qxf6 25. Qd7 Qh4 26. Nf5 Qh5 27. Ng3 Qh4
28. Nf5 Qh5 29. Ng3 Qh4 1/2-1/2

[Event "Challenge"]
[Site "http://www.queenalice.com/game.php?id=1185845"]
[Date "2013.5.29"]
[Round "-"]
[White "pakov_one"]
[Black "tucot"]
[Result "1-0"]
[WhiteElo "2447"]
[BlackElo "2364"]

1. d4 Nf6 2. c4 e6 3. Nc3 Bb4 4. Qc2 d6 5. e3 O-O 6. a3 Bxc3+ 7. Qxc3 Nc6 8. Bd3
e5 9. Ne2 Re8 10. d5 e4 11. Bc2 Ne5 12. Ng3 Ng6 13. O-O c6 14. b4 cxd5 15. cxd5
Bd7 16. Qd4 Qe7 17. Bb2 Qe5 18. Rfc1 Rac8 19. Qxe5 Nxe5 20. Bxe4 1-0

[Event "Challenge"]
[Site "http://www.queenalice.com/game.php?id=1186109"]
[Date "2013.5.30"]
[Round "-"]
[White "tucot"]
[Black "pakov_one"]
[Result "0-1"]
[WhiteElo "2364"]
[BlackElo "2462"]

1. e4 e5 2. Nf3 Nf6 3. Nxe5 d6 4. Nf3 Nxe4 5. Nc3 Nxc3 6. dxc3 Be7 7. Be3 Nc6 8.
Qd2 O-O 9. O-O-O Bg4 10. Be2 Re8 11. h3 Bd7 12. Kb1 a5 13. Nd4 Ne5 14. f4 Ng6
15. g3 a4 16. a3 c5 17. Nb5 Bc6 18. Rh2 Qb6 19. c4 d5 20. f5 Ne5 21. Bf4 Bf6 22.
c3 Rad8 23. Qc2 Nxc4 24. Bxc4 dxc4 25. Nd6 Bf3 0-1